000 00583nam a2200205Ia 4500
005 20250923144552.0
008 008 250917s9999 xx 000 0 eng d
037 _aTextual
040 _aDSWL
_beng
_cDSWL
041 _aeng
_2eng
084 _ax::2:D, J7
_qDSWL
100 _aMaity, S.K.
_9826188
245 0 _aEconomiclife of northern India in the period
_cby S K Maity.
260 _aCalcutta
_b Would Press Ltd.
_c1957
300 _axviv,223p.
365 _aINR
_b12.5
925 _g12.5
942 _cTEXL
_hx::2:D, J7
999 _c1440611
_d1440611